Countries from 'M' by Desserts - Statistics

General Stats
  • This quiz has been taken 10 times
  • The average score is 10 of 17
Answer Stats
Picture Answer % Correct
Mongolia
75%
Myanmar
75%
Malawi
63%
Maldives
63%
Mali
63%
Mexico
63%
Montenegro
63%
Mozambique
63%
Malaysia
50%
Malta
50%
Marshall Islands
50%
Mauritania
50%
Mauritius
50%
Monaco
50%
Morocco
50%
Madagascar
38%
Moldova
38%
No matching quizzes found
Score Distribution
Percent of People with Each Score
Percentile by Number Answered
Your Score History
You have not taken this quiz